| 000 | 00405 a2200121 4500 | ||
|---|---|---|---|
| 020 | _a0070564000 | ||
| 082 | _a620.135 BAL | ||
| 100 | _aBalaguru, Perumalsamy N. | ||
| 245 |
_aFiber Reinforced Cement Composities _cPerumalsamy N. Balaguru, Surendra P. Shah |
||
| 260 |
_aNew York : _bMc Graw Hill, _c1992 |
||
| 300 |
_axv, 530p. : _bill. ; _c23 cm |
||
| 650 | _aFibrous Composites : Cement Composities | ||
| 650 | _aPorland Cement Additives | ||
| 999 |
_c835 _d835 |
||